000 01170nam a22003737a 4500
003 CHAP
005 20220817044425.0
008 110218s2006 it rn 00010 eng d
010 _a100542
011 _a101514
020 _a9789251055700
035 _a112202
040 _cCHAP
090 _aFolleto 17221y (2005)
110 2 _aFAO
245 1 0 _aReport of the panel of eminent experts on ethics in food and agriculture :
_bthird session, 2005
_c/por FAO
260 _aRome :
_bFAO,
_c2006
300 _av, 33 p.
590 _aBATCH-UPD
_b10
_c20130110
_lUCH01
_h1039
590 _aBATCH-UPD
_b10
_c20130410
_lUCH01
_h0639
590 _aBATCH-UPD
_b10
_c20130914
_lUCH01
_h0018
590 _aCONVERSION
_b10
_c20130109
_lUCH01
_h1355
650 1 4 _aAgricultura contractual.
_91944
650 1 4 _aAgricultura.
_91172
650 1 4 _aAlimentación.
_94109
650 1 4 _aAlimentos
_xAspectos economicos.
_94170
650 1 4 _aBiotecnología.
_912878
650 1 4 _aCampesinado.
_917993
650 1 4 _aÉtica.
_982776
650 1 4 _aHambre.
_952413
901 _aBK
942 _cFOLL
949 _aFolleto 17221y (2005)
_bBC
_cFAO
_d33724002099009
_eFAO1
_gDonaciØn
_i112202
_sb
999 _c100542
_d100542